Americains et japonais (Record no. 27547)

MARC details
000 -LEADER
campo de control de longitud fija 00604nam a2200157 i 4500
001 - NÚMERO DE CONTROL
campo de control 27547
003 - IDENTIFICADOR DE NÚMERO DE CONTROL
campo de control ES-MaACL
005 - FECHA Y HORA DE LA ÚLTIMA TRANSACCIÓN
campo de control 20230906153637.0
007 - CAMPO FIJO DE DESCRIPCIÓN FÍSICA--INFORMACIÓN GENERAL
campo de control de longitud fija t|
008 - DATOS DE LONGITUD FIJA--INFORMACIÓN GENERAL
campo de control de longitud fija 030114s1908 fr ||||1| fre d
100 1# - ENTRADA PRINCIPAL--NOMBRE DE PERSONA
Nombre de persona Aubert, Louis.
9 (RLIN) 23798
245 10 - MENCIÓN DEL TÍTULO
Título Americains et japonais
Resto del título : L'emigration japonaise aux Hawai en Californe, au Canada et dans l'Amerique du Sud : le emflit économique, social et politique : Les Etats-Unis, le Japon et les puinances /
Mención de responsabilidad, etc. Louis Aubert.
260 ## - PUBLICACIÓN, DISTRIBUCIÓN, ETC.
Lugar de publicación, distribución, etc. París :
Nombre del editor, distribuidor, etc. Colommiers,
Fecha de publicación, distribución, etc. 1908 (
Fabricante Paul Brodard)
300 ## - DESCRIPCIÓN FÍSICA
Extensión 430 p. :
Otras características físicas 1 map. ;
Dimensiones 19 cm.
852 ## - LOCALIZACIÓN
Ubicación ES-MaACL
Número de control de estantería F-10553
Holdings
Estatus retirado Estado de pérdida Estado de daño No para préstamo Biblioteca de origen Biblioteca actual Ubicación en estantería Fecha de adquisición Fuente de adquisición Total de préstamos Signatura topográfica completa Código de barras Visto por última vez Precio de reemplazo Tipo de ítem Koha
        Biblioteca del Ateneo de Madrid Biblioteca del Ateneo de Madrid Sala Pecera Planta 2 17/01/2008     F-10553 1028445 23/02/2023 23/02/2023 Libro impreso